Selecciones en la Final Four de la UEFA Nations League - Estadísticas

Estadísticas generales
  • Esta prueba ha sido intentada 170 veces
    120 desde el último reinicio
  • La puntuación promedio es 11 de 12
Estadísticas de respuestas
Hint Respuesta % Correcto
2021 España
100%
2023 España
100%
2021 Francia
99%
2021 Italia
95%
2023 Italia
95%
2021 Bélgica
90%
2019 Portugal
90%
2019 Inglaterra
89%
2019 Países Bajos
89%
2023 Países Bajos
89%
2023 Croacia
87%
2019 Suiza
68%
No se encontraron pruebas coincidentes
Distribución de puntuación
Porcentaje de gente con cada puntuación
Porcentaje por número respondido
Historial de tus puntuaciones
No has intentado esta prueba desde el último reinicio